Southville International School and Colleges
Your cart is empty.
  • Cart
  • Lists
    Public lists Eva Luna New books Lux_list list_1
    Your lists Log in to create your own lists
  • Log in to your account
  • Your cookies
  • Search history
Southville International School and Colleges
  • Advanced search
  • Recent comments
  • Most popular
  • Libraries

Log in to your account

Log in with GOOGLE


If you do not have an external account, but do have a local account, you can still log in:

  1. Home
  2. MARC view: Operating room nursing :
Normal view MARC view ISBD view

Operating room nursing : (Record no. 25373)

[ view plain ]
MARC details
000 -LEADER
fixed length control field 00600nam a2200193 a 4500
005 - DATE AND TIME OF LATEST TRANSACTION
control field 20140310183619.0
008 - FIXED-LENGTH DATA ELEMENTS--GENERAL INFORMATION
fixed length control field 130326s19uu xx 00 eng d
020 ## - INTERNATIONAL STANDARD BOOK NUMBER
International Standard Book Number 9789715849234
050 ## - LIBRARY OF CONGRESS CALL NUMBER
Classification number RD 65
Item number .V712 2010
100 ## - MAIN ENTRY--PERSONAL NAME
Personal name Villacarlos, Pamela Pagunsan
245 ## - TITLE STATEMENT
Title Operating room nursing :
Remainder of title perioperative practice /
Statement of responsibility, etc Pamela Pagunsan-Villacarlos.
260 ## - PUBLICATION, DISTRIBUTION, ETC. (IMPRINT)
Place of publication, distribution, etc Quezon City, Philipines :
Name of publisher, distributor, etc C & E Pub,
Date of publication, distribution, etc 2010.
300 ## - PHYSICAL DESCRIPTION
Extent 249 p. :
Other physical details ill. ;
Dimensions 22 cm.
521 ## - TARGET AUDIENCE NOTE
Target audience note
650 ## - SUBJECT ADDED ENTRY--TOPICAL TERM
Topical term or geographic name as entry element Operating room nursing
650 ## - SUBJECT ADDED ENTRY--TOPICAL TERM
Topical term or geographic name as entry element Medicine
General subdivision Surgery
-- Nursing
942 ## - ADDED ENTRY ELEMENTS (KOHA)
Koha item type Books
Source of classification or shelving scheme Library of Congress Classification
Call number prefix Local
Holdings
Withdrawn status Lost status Source of classification or shelving scheme Damaged status Home library Current library Shelving location Date acquired Source of acquisition Total Checkouts Total Renewals Full call number Barcode Date last seen Date checked out Copy number Price effective from Koha item type
    Library of Congress Classification   College Library College Library General Circulation Section 03/26/2013   3 20 RD 65 .V712 2010 C15418 05/15/2018 07/03/2017 1 10/18/2013 Books

Operating room nursing :

APA

Villacarlos P. P., . (2010). Operating room nursing. Quezon City, Philipines: C & E Pub.

Chicago

Villacarlos Pamela Pagunsan, . 2010. Operating room nursing. Quezon City, Philipines: C & E Pub.

Harvard

Villacarlos P. P., . (2010). Operating room nursing. Quezon City, Philipines: C & E Pub.

MLA

Villacarlos Pamela Pagunsan, . Operating room nursing. Quezon City, Philipines: C & E Pub. 2010.

  • Place hold
  • Print
  • Cite
  • Add to your cart (remove)
  • Save record
    BIBTEX Dublin Core MARCXML MARC (non-Unicode/MARC-8) MARC (Unicode/UTF-8) MARC (Unicode/UTF-8, Standard) MODS (XML) RIS
  • More searches
    Search for this title in:
    Other Libraries (WorldCat) Other Databases (Google Scholar) Online Stores (Bookfinder.com) Open Library (openlibrary.org)

Exporting to Dublin Core...

SOUTHVILLE LIBRARY

Southville International School and Colleges Library

1281 Tropical Ave. Cor. Luxembourg St., BF Homes International, Las Pinas City

Tel. No. 8256374 / 252358 Loc. 117/146

Powered by Koha